Полное собрание сочинений. Т. 6: Винты. Ветряки. Вентиляторы. Аэродинамическая труба (Запись № 13618044)

Подробности
000 -МАРКЕР
контрольное поле 01601nam2a2200253 4500
001 - ИДЕНТИФИКАТОР ЗАПИСИ
контрольное поле rc\3014849
005 - ИДЕНТИФИКАТОР ВЕРСИИ
контрольное поле 20110925163924.4
035 ## - ДРУГИЕ СИСТЕМНЫЕ НОМЕРА
Идентификатор записи (NLR Aleph) 007157197
100 ## - ДАННЫЕ ОБЩЕЙ ОБРАБОТКИ
Данные общей обработки 20110925d1937 u y0rusy50 ca
101 0# - ЯЗЫК РЕСУРСА
Язык текста, звукозаписи и т.д. русский
102 ## - СТРАНА ПУБЛИКАЦИИ ИЛИ ПРОИЗВОДСТВА
Страна публикации Российская Федерация
105 ## - ПОЛЕ КОДИРОВАННЫХ ДАННЫХ: ТЕКСТОВЫЕ МАТЕРИАЛЫ, МОНОГРАФИЧЕСКИЕ
Кодированные данные о монографическом текстовом документе a z |||||
200 1# - ЗАГЛАВИЕ И СВЕДЕНИЯ ОБ ОТВЕТСТВЕННОСТИ
Основное заглавие Винты. Ветряки. Вентиляторы. Аэродинамическая труба
Первые сведения об ответственности Под ред. проф. А.П. Котельникова и проф. В.П. Ветчинкина
210 ## - ПУБЛИКАЦИЯ, РАСПРОСТРАНЕНИЕ И ДР.
Дата издания, распространения и т.д. 1937
215 ## - ФИЗИЧЕСКАЯ ХАРАКТЕРИСТИКА
Специфическое обозначение материала и объем 430 с., 3 вкл. л.
Другие сведения о физической характеристике ил.
Размеры 22 см
461 #0 - УРОВЕНЬ НАБОРА
Встроенное поле 001rc\3014843
-- 2001#$aПолное собрание сочинений$fпроф. Н.Е. Жуковский$gПод ред. проф. А.П. Котельникова$gС биогр. очерком, сост. проф. В.В. Голубевым$gЦентр. аэрогидродинамич. ин-т им. проф. Н.Е. Жуковского. Комиссия по изд. трудов проф. Н.Е. Жуковского$vТ. 6
-- 700#1$aЖуковский$bН.Е.$gНиколай Егорович$f1847-1921
Системный номер (АБИС) связанной записи 7212159
Автор Жуковский, Н. Е. (специалист в обл. аэродинамики ; 1847-1921)
Место публикации Москва
Дата публикации 1937
Первые сведения об ответственности проф. Н.Е. Жуковский
Имя издателя, распространителя и т.д. ОНТИ, Глав. ред. авиац. лит-ры
Заглавие Полное собрание сочинений
Номер тома Т. 6
702 #1 - ИМЯ ЛИЦА - ВТОРИЧНАЯ ОТВЕТСТВЕННОСТЬ
Начальный элемент ввода Котельников
Часть имени, кроме начального элемента ввода А.П.
Код отношения Редактор
702 #1 - ИМЯ ЛИЦА - ВТОРИЧНАЯ ОТВЕТСТВЕННОСТЬ
Начальный элемент ввода Ветчинкин
Часть имени, кроме начального элемента ввода В.П.
Код отношения Редактор
801 #0 - ИСТОЧНИК ЗАПИСИ
Страна Российская Федерация
Организация NLR
Правила каталогизации psbo
801 #1 - ИСТОЧНИК ЗАПИСИ
Страна Российская Федерация
Организация ELAR
Источник данных rusmarc
852 ## - МЕСТОНАХОЖДЕНИЕ И ШИФР ХРАНЕНИЯ
Идентификатор организации NLR
Шифр хранения (Call Number) 35-18/297
942 ## - ДОПОЛНИТЕЛЬНЫЕ ЭЛЕМЕНТЫ ЗАПИСИ (АБИС)
Тип экземпляра АБИС Книга
980 ## - КОЛЛЕКЦИЯ
Название коллекции Национальная библиография

Нет доступных экземпляров.